Указ его императорскаго величества самодержца всероссийскаго, (Запись № 10163848)

Подробности
000 -МАРКЕР
контрольное поле 04191nam0a22005411 4500
001 - ИДЕНТИФИКАТОР ЗАПИСИ
контрольное поле RU\NLR\UK\254
005 - ИДЕНТИФИКАТОР ВЕРСИИ
контрольное поле 20260407111934.0
035 ## - ДРУГИЕ СИСТЕМНЫЕ НОМЕРА
Идентификатор записи (NLR Aleph) 009798056
100 ## - ДАННЫЕ ОБЩЕЙ ОБРАБОТКИ
Данные общей обработки 20260120 rusy50
101 0# - ЯЗЫК РЕСУРСА
Язык текста, звукозаписи и т.д. русский
102 ## - СТРАНА ПУБЛИКАЦИИ ИЛИ ПРОИЗВОДСТВА
Страна публикации Российская Федерация
105 ## - ПОЛЕ КОДИРОВАННЫХ ДАННЫХ: ТЕКСТОВЫЕ МАТЕРИАЛЫ, МОНОГРАФИЧЕСКИЕ
Кодированные данные о монографическом текстовом документе y n 000yy
135 ## - ПОЛЕ КОДИРОВАННЫХ ДАННЫХ: ЭЛЕКТРОННЫЕ РЕСУРСЫ
Кодированные данные для электронного ресурса crbn 001aaaba
200 1# - ЗАГЛАВИЕ И СВЕДЕНИЯ ОБ ОТВЕТСТВЕННОСТИ
Основное заглавие Указ его императорскаго величества самодержца всероссийскаго,
Сведения, относящиеся к заглавию [О наказании крестьянина Чугина, солдата Подпорова и ямщика Малышева за ложный донос и за напрасное утруждение его величества просьбою]
-- Из Правительствующаго Сената, обьявляется во всенародное известие
210 ## - ПУБЛИКАЦИЯ, РАСПРОСТРАНЕНИЕ И ДР.
Место издания, распространения и т.д. Печатан в Санктпетербурге
Имя издателя, распространителя и т. д. При Сенате
Дата издания, распространения и т.д. 18 мая 1762
215 ## - ФИЗИЧЕСКАЯ ХАРАКТЕРИСТИКА
Специфическое обозначение материала и объем [4] с.
Размеры
304 ## - ПРИМЕЧАНИЯ, ОТНОСЯЩИЕСЯ К ЗАГЛАВИЮ И СВЕДЕНИЯМ ОБ ОТВЕТСТВЕННОСТИ
Текст примечания Текст начинается словами: В 1756 году июля от 27 дня, в присланном в Правительствующий Сенат от дежурнаго генерала-адьютанта сообщении написано...
304 ## - ПРИМЕЧАНИЯ, ОТНОСЯЩИЕСЯ К ЗАГЛАВИЮ И СВЕДЕНИЯМ ОБ ОТВЕТСТВЕННОСТИ
Текст примечания Под текстом на с.[4]: Подлинной за подписанием Правительствующаго Сената
304 ## - ПРИМЕЧАНИЯ, ОТНОСЯЩИЕСЯ К ЗАГЛАВИЮ И СВЕДЕНИЯМ ОБ ОТВЕТСТВЕННОСТИ
Текст примечания Назв. указа дано по ПСЗ
305 ## - ПРИМЕЧАНИЯ О ДАТЕ ОСНОВАНИЯ ИЗДАНИЯ
Текст примечания Сенат. указ от 18 мая 1762 г.
306 ## - ПРИМЕЧАНИЯ, ОТНОСЯЩИЕСЯ К ПУБЛИКАЦИИ, РАСПРОСТРАНЕНИЮ И ИСПОЛНЕНИЯ ИЗДАНИЯ
Текст примечания Вых. дан. указаны под М.П. на с.[4]
316 ## - ПРИМЕЧАНИЯ ОБ ОСОБЕННОСТЯХ ЭКЗЕМПЛЯРА
Текст примечания Экз. РНБ (18.43.1.12-1) является частью владельч. конволюта. Припл. ... ед. Составной картонный переплет, оклееенный мраморной бумагой с кожанными уголками и корешком. На корешке: тисненая золотом надпись "Высочайшие указы из Правительствующаго Сената с 1762 по 1840 г."; тисненый золотом суперэкслибрис РНБ "И.Б." и бумаж. наклейка с цифрами "12". На нижней крышке переплета экслибрис с шифром РНБ. На форзаце марка-ярлык с шифром РНБ. На с.[1] рукоп. надпись техн. характера и круглый штамп ГПБ.
Организация и экземпляр, к которому относится поле NLR: 18.43.1.12-1
321 ## - ПРИМЕЧАНИЯ ОБ ОТДЕЛЬНО ИЗДАННЫХ УКАЗАТЕЛЯХ / РЕФЕРАТАХ / ССЫЛКАХ, ОТРАЖАЮЩИХ КАТАЛОГИЗИРУЕМЫЙ ДОКУМЕНТ
Примечания об указателях, рефератах, ссылках ПСЗ. Т.15. 11539
325 ## - ПРИМЕЧАНИЕ О КОПИИ
Текст примечания Копия доступна в Электрон. б-ке РНБ
517 1# - ДРУГИЕ ВАРИАНТЫ ЗАГЛАВИЯ
Вариант заглавия О наказании крестьянина Чугина, солдата Подпорова и ямщика Малышева за ложный донос и за напрасное утруждение его величества просьбою
702 #0 - ИМЯ ЛИЦА - ВТОРИЧНАЯ ОТВЕТСТВЕННОСТЬ
Код отношения Подписавшее лицо
Графика поля Кириллица
Материалы, к которым относится поле rus
Начальный элемент ввода Петр
Дополнения к именам, кроме дат император российский
Римские цифры III
Даты 1728-1762
Системный номер авторитетной/нормативной записи 121339
Идентификатор авторитетной/нормативной записи RU\NLR\AUTH\7711597
702 #1 - ИМЯ ЛИЦА - ВТОРИЧНАЯ ОТВЕТСТВЕННОСТЬ
Код отношения Прочие
Графика поля Кириллица
Материалы, к которым относится поле rus
Начальный элемент ввода Чугин
Часть имени, кроме начального элемента ввода П.
Дополнения к именам, кроме дат крестьянин
Даты 18 в.
Расширение инициалов личного имени Пётр
Системный номер авторитетной/нормативной записи 206415
Идентификатор авторитетной/нормативной записи RU\NLR\AUTH\770206467
702 #1 - ИМЯ ЛИЦА - ВТОРИЧНАЯ ОТВЕТСТВЕННОСТЬ
Код отношения Прочие
Графика поля Кириллица
Материалы, к которым относится поле rus
Начальный элемент ввода Подпоров
Часть имени, кроме начального элемента ввода Н.
Дополнения к именам, кроме дат солдат
Даты 18 в.
Расширение инициалов личного имени Никифор
Системный номер авторитетной/нормативной записи 206417
Идентификатор авторитетной/нормативной записи RU\NLR\AUTH\770206469
702 #1 - ИМЯ ЛИЦА - ВТОРИЧНАЯ ОТВЕТСТВЕННОСТЬ
Код отношения Прочие
Графика поля Кириллица
Материалы, к которым относится поле rus
Начальный элемент ввода Малышев
Часть имени, кроме начального элемента ввода И.
Дополнения к именам, кроме дат ямщик
Даты 18 в.
Расширение инициалов личного имени Илья
Системный номер авторитетной/нормативной записи 206418
Идентификатор авторитетной/нормативной записи RU\NLR\AUTH\770206470
710 01 - НАИМЕНОВАНИЕ ОРГАНИЗАЦИИ - ПЕРВИЧНАЯ ОТВЕТСТВЕННОСТЬ
Начальный элемент ввода Россия
Структурное подразделение Император
Идентифицирующий признак 1761-1762; Петр III
Системный номер авторитетной/нормативной записи 584934
Идентификатор авторитетной/нормативной записи RU\NLR\AUTH\8810042743
712 02 - НАИМЕНОВАНИЕ ОРГАНИЗАЦИИ - ВТОРИЧНАЯ ОТВЕТСТВЕННОСТЬ
Код отношения Печатник (типограф)
Начальный элемент ввода Сенатская типография
Идентифицирующий признак Петербург
Системный номер авторитетной/нормативной записи 375085
Идентификатор авторитетной/нормативной записи RU\NLR\AUTH\889940127
801 #0 - ИСТОЧНИК ЗАПИСИ
Страна Российская Федерация
Организация NLR
Дата составления 20030407
852 ## - МЕСТОНАХОЖДЕНИЕ И ШИФР ХРАНЕНИЯ
Идентификатор организации NLR
Шифр хранения (Call Number) 18.43.1.12-1
852 ## - МЕСТОНАХОЖДЕНИЕ И ШИФР ХРАНЕНИЯ
Идентификатор организации NLR
Шифр хранения (Call Number) 18.14.1.36-52
852 ## - МЕСТОНАХОЖДЕНИЕ И ШИФР ХРАНЕНИЯ
Идентификатор организации NLR
Шифр хранения (Call Number) 123/138
856 #0 - МЕСТОНАХОЖДЕНИЕ ЭЛЕКТРОННЫХ РЕСУРОВ И ДОСТУП К НИМ
Универсальный идентификатор ресурса (Uniform Resource Identifier) http://vivaldi.nlr.ru/lk000002620/view
856 #1 - МЕСТОНАХОЖДЕНИЕ ЭЛЕКТРОННЫХ РЕСУРОВ И ДОСТУП К НИМ
Универсальный идентификатор ресурса (Uniform Resource Identifier) http://vivaldi.nlr.ru/lk000002620/cover
856 #2 - МЕСТОНАХОЖДЕНИЕ ЭЛЕКТРОННЫХ РЕСУРОВ И ДОСТУП К НИМ
Универсальный идентификатор ресурса (Uniform Resource Identifier) http://vivaldi.nlr.ru/lk000002620/text
942 ## - ДОПОЛНИТЕЛЬНЫЕ ЭЛЕМЕНТЫ ЗАПИСИ (АБИС)
Тип экземпляра АБИС Книга
980 ## - КОЛЛЕКЦИЯ
Название коллекции Национальная библиография
980 ## - КОЛЛЕКЦИЯ
Название коллекции Русская книга гражданской печати XVIII в. в библиотеках РФ
980 ## - КОЛЛЕКЦИЯ
Название коллекции Указы
981 36 - КОЛЛЕКЦИЯ ЭЛЕКТРОННОЙ БИБЛИОТЕКИ
Название коллекции Цифровой репозиторий РНБ
981 16 - КОЛЛЕКЦИЯ ЭЛЕКТРОННОЙ БИБЛИОТЕКИ
Название коллекции Законодательные акты Российской империи

Нет доступных экземпляров.